000 00696cam a22002533a 4500
001 20358
003 PGUSA
005 20140828083430.0
008 070114s2007||||xxu|||||s|||||000 1 eng d
040 _aPGUSA
_beng
042 _adc
050 4 _aPS
100 1 _aWebster, Jean,
_d1876-1916
245 1 0 _aJerry Junior
_h[electronic resource] /
_cJean Webster
260 _bProject Gutenberg,
_c2007
506 _aPublic domain in the USA.
516 _aElectronic text
653 _aLove stories
653 _aAmericans -- Italy -- Fiction
700 1 _aLowell, Orson,
_d1871-1956
830 0 _aProject Gutenberg
_v20358
856 4 0 _uhttp://www.gutenberg.org/ebooks/20358
942 _cEB
999 _c249613
_d249613